Design of randomized space-time block codes for cooperative multi-hop strip-shaped networks (Record no. 13306)
[ view plain ]
| 000 -LEADER | |
|---|---|
| fixed length control field | 00510nam a22001337a 4500 |
| 082 ## - DEWEY DECIMAL CLASSIFICATION NUMBER | |
| Classification number | MSEE-4 SID |
| 100 ## - MAIN ENTRY--PERSONAL NAME | |
| Personal name | Sidra Shaheen Syed |
| 9 (RLIN) | 98924 |
| 245 ## - TITLE STATEMENT | |
| Title | Design of randomized space-time block codes for cooperative multi-hop strip-shaped networks |
| 260 ## - PUBLICATION, DISTRIBUTION, ETC. | |
| Place of publication, distribution, etc. | Islamabad |
| Name of publisher, distributor, etc. | NUST-SEECS |
| Date of publication, distribution, etc. | 2015 |
| 300 ## - PHYSICAL DESCRIPTION | |
| Extent | 53p. |
| Accompanying material | CD Include |
| 500 ## - GENERAL NOTE | |
| General note | Supervisors:Dr.Syed Ali Hassan, Dr. Adnan Khalid Kiani, Dr. Hassaan Khaliq, Dr. Rizwan Ahmad |
| 856 ## - ELECTRONIC LOCATION AND ACCESS | |
| Uniform Resource Identifier | <a href="http://10.250.8.41:8080/xmlui/handle/123456789/8644">http://10.250.8.41:8080/xmlui/handle/123456789/8644</a> |
| 942 ## - ADDED ENTRY ELEMENTS (KOHA) | |
| Koha item type | Project Report |
| Source of classification or shelving scheme | |
| Withdrawn status | Lost status | Damaged status | Not for loan | Collection code | Permanent Location | Current Location | Shelving location | Date acquired | Total Checkouts | Full call number | Barcode | Date last seen | Price effective from | Koha item type | Source of classification or shelving scheme |
|---|---|---|---|---|---|---|---|---|---|---|---|---|---|---|---|
| Central Library (CL) | Central Library (CL) | General Stacks | 08/04/2015 | MSEE-4 SID | SEECSP01717 | 08/02/2015 | 08/02/2015 | Project Report | |||||||
| Central Library (CL) | Central Library (CL) | Thesis | 11/19/2019 | 621.3MSEE-4 SID | CL-T-4079 | 11/19/2019 | 11/19/2019 | Thesis |
